Architektonicko-urbanistická súťaž návrhov rekonštrukcia Mierového námestia v Trenčíne

Podrobná bibliografia
Médium: Článok
Jazyk:slovenčina
Fyzický popis:Obr.
ISSN:1336-0264
Predmet:

MARC

LEADER 00000nab a2200000 a 4500
001 vtls009165386
003 SK-MaSNL
005 20260303063455.0
008 140328c2007 xo mr|p|||||||000 b|slo
015 |a SNBRB2007/12  |2 snkbucl 
038 |a SNKBUCL 
040 |a SNKBUCL  |b slo  |c SNKBUCL  |e AACR2 
041 0 |a slo 
044 |a xo  |c SK 
080 |a 72:06.063  |x (437.6)  |2 2001 
080 |a 711.61:06.063  |x (437.6)  |2 2001 
245 0 0 |a Architektonicko-urbanistická súťaž návrhov  |b rekonštrukcia Mierového námestia v Trenčíne  |c spracovala: im 
300 |b Obr. 
650 0 7 |a námestia  |2 snkbucl  |9 26291 
650 0 7 |a urbanisticko-architektonické súťaže  |2 snkbucl  |9 1034721 
651 7 |a Mierové námestie (Trenčín, Slovensko)  |x rekonštrukcia  |x súťaž návrhov  |2 snkbucl  |9 1060711 
651 7 |a Trenčín (Slovensko)  |2 snkbucl  |9 159956 
773 0 |t Fórum architektúry  |g Roč. XVII, č. 10 (2007)  |x 1336-0264 
773 0 8 |t Informácie Slovenskej komory architektov  |g Č. 10 (2007), s. 7-14 
852 |a SNK  |b KIS3GCP 
958 |a SK 
999 |c 1743215  |d 1745145